[Event "Verbandsliga Suedbaden 1516"]
[Site "Baden"]
[Date "2016.01.24"]
[Round "5.1"]
[White "Schaerer, Julian"]
[Black "Milov, Vadim"]
[Result "1/2-1/2"]
[WhiteElo "2264"]
[BlackElo "2620"]
[PlyCount "72"]
[EventDate "2015.09.27"]
[EventType "team-tourn"]
[EventRounds "9"]
[EventCountry "GER"]
[SourceTitle "EXT 2022"]
[Source "ChessBase"]
[SourceDate "2021.10.06"]
[SourceVersion "1"]
[SourceVersionDate "2021.10.06"]
[SourceQuality "1"]
[WhiteTeam "Gottmadingen"]
[BlackTeam "Dreilaendereck"]
[WhiteTeamCountry "GER"]
[BlackTeamCountry "GER"]

1. d4 Nf6 2. Nf3 g6 3. c3 Bg7 4. Bg5 0-0 5. Nbd2 c5 6. e3 d6 7. Bd3 Nc6 8. 0-0 Qb6 9. Qc2 Be6 10. dxc5 dxc5 11. Nc4 Qa6 12. Qe2 Rad8 13. Nce5 Qb6 14. Nxc6 Qxc6 15. Bc4 Bxc4 16. Qxc4 b5 17. Qe2 h6 18. Bxf6 Bxf6 19. Rad1 a6 20. Qc2 Qe6 21. b3 Bg7 22. Nd2 f5 23. Rfe1 Qf6 24. Nb1 h5 25. Rxd8 Rxd8 26. Rd1 Rd6 27. Rd3 Qe6 28. Rxd6 exd6 29. c4 f4 30. Qd3 fxe3 31. fxe3 bxc4 32. bxc4 Qf5 33. Qxf5 gxf5 34. Kf2 Kf7 35. Ke2 Ke6 36. Nd2 Be5 1/2-1/2

[Event "SUI-chT"]
[Site "Switzerland"]
[Date "2015.10.11"]
[Round "9.8"]
[White "Pfister, Peter"]
[Black "Schaerer, Julian"]
[Result "0-1"]
[WhiteElo "2137"]
[BlackElo "2263"]
[PlyCount "50"]
[EventDate "2015.03.29"]
[EventType "team-tourn"]
[EventRounds "9"]
[EventCountry "SUI"]
[SourceTitle "EXT 2017"]
[Source "ChessBase"]
[SourceDate "2016.10.25"]
[SourceVersion "1"]
[SourceVersionDate "2016.10.25"]
[SourceQuality "1"]
[WhiteTeam "Reti"]
[BlackTeam "Winterthur"]
[WhiteTeamCountry "SUI"]
[BlackTeamCountry "SUI"]

1. d4 d5 2. Nf3 Nf6 3. e3 c6 4. Nbd2 Bf5 5. Be2 h6 6. Ne5 Nbd7 7. f4 Ne4 8. 0-0 e6 9. Bh5 g6 10. Bf3 Nxd2 11. Bxd2 h5 12. a4 Bd6 13. a5 f6 14. Nxd7 Qxd7 15. Re1 Kf7 16. c4 a6 17. Qb3 Rac8 18. Bb4 Bb8 19. Re2 g5 20. fxg5 fxg5 21. cxd5 cxd5 22. e4 dxe4 23. Bxe4 Qxd4+ 24. Kh1 Qe5 25. Qg3 Qxe4 0-1

[Event "SUI-chT"]
[Site "Switzerland"]
[Date "2015.09.06"]
[Round "7.7"]
[White "Schaerer, Julian"]
[Black "Rosenthal, Jonathan"]
[Result "1/2-1/2"]
[WhiteElo "2250"]
[BlackElo "2304"]
[PlyCount "38"]
[EventDate "2015.03.29"]
[EventType "team-tourn"]
[EventRounds "9"]
[EventCountry "SUI"]
[SourceTitle "EXT 2016"]
[Source "ChessBase"]
[SourceDate "2015.10.08"]
[SourceVersion "1"]
[SourceVersionDate "2015.10.08"]
[SourceQuality "1"]
[WhiteTeam "Winterthur"]
[BlackTeam "Zuerich"]
[WhiteTeamCountry "SUI"]
[BlackTeamCountry "SUI"]

1. e4 c6 2. d4 d5 3. e5 Bf5 4. h4 h5 5. c4 e6 6. Nc3 Nd7 7. cxd5 cxd5 8. Bg5 f6 9. exf6 gxf6 10. Bf4 Rc8 11. Bd3 Bxd3 12. Qxd3 Ne7 13. Nge2 Kf7 14. Rh3 Qa5 15. Rc1 Nf5 16. Ng3 Ng7 17. Nge2 Nf5 18. Ng3 Ng7 19. Nge2 Nf5 1/2-1/2

[Event "SUI-chT"]
[Site "Switzerland"]
[Date "2015.09.05"]
[Round "6.8"]
[White "Good, Daniel"]
[Black "Schaerer, Julian"]
[Result "1/2-1/2"]
[WhiteElo "2211"]
[BlackElo "2250"]
[PlyCount "49"]
[EventDate "2015.03.29"]
[EventType "team-tourn"]
[EventRounds "9"]
[EventCountry "SUI"]
[SourceTitle "EXT 2016"]
[Source "ChessBase"]
[SourceDate "2015.10.08"]
[SourceVersion "1"]
[SourceVersionDate "2015.10.08"]
[SourceQuality "1"]
[WhiteTeam "Wollishofen"]
[BlackTeam "Winterthur"]
[WhiteTeamCountry "SUI"]
[BlackTeamCountry "SUI"]

1. e4 d6 2. d4 Nf6 3. Nc3 e5 4. dxe5 dxe5 5. Qxd8+ Kxd8 6. Bc4 Ke8 7. Nf3 Bd6 8. 0-0 Nbd7 9. a4 a6 10. h3 b6 11. Be3 Bb7 12. Nd2 h6 13. Rfd1 g6 14. f3 Kf8 15. Nb3 Kg7 16. Nd5 Rhd8 17. Kf2 Bc6 18. Nxf6 Nxf6 19. Nd2 Nh5 20. Nf1 Nf6 21. Nd2 Nh5 22. Nf1 Nf6 23. Nd2 Nh5 24. Nf1 Nf6 25. Nd2 1/2-1/2

[Event "Biel MTO op 48th"]
[Site "Biel"]
[Date "2015.07.24"]
[Round "5"]
[White "Schaerer, Julian"]
[Black "Andersen, Mads"]
[Result "1/2-1/2"]
[WhiteElo "2245"]
[BlackElo "2467"]
[PlyCount "126"]
[EventDate "2015.07.20"]
[EventType "swiss"]
[EventRounds "11"]
[EventCountry "SUI"]
[SourceTitle "CBM 167 Extra"]
[Source "ChessBase"]
[SourceDate "2015.09.14"]
[SourceVersion "1"]
[SourceVersionDate "2015.09.14"]
[SourceQuality "1"]

1. e4 e6 2. Nf3 d5 3. exd5 exd5 4. d4 Nf6 5. Bg5 Be7 6. Bd3 0-0 7. h3 h6 8. Be3 Nc6 9. c3 Bd6 10. Nbd2 Re8 11. 0-0 Ne4 12. c4 Nb4 13. Bb1 c6 14. a3 Na6 15. cxd5 cxd5 16. Nxe4 dxe4 17. Ne5 Bxe5 18. dxe5 Bf5 19. f4 Qe7 20. Qe2 Red8 21. Kh1 Rd7 22. Bc2 Rad8 23. Rad1 Nc5 24. Rxd7 Rxd7 25. Bxc5 Qxc5 26. Bxe4 Bxe4 27. Qxe4 Qd4 28. Qxd4 Rxd4 29. Rf3 b6 30. Kh2 Kf8 31. Kg3 Rd2 32. b3 Ra2 33. a4 Rc2 34. Rd3 Ke7 35. Kf3 Ke6 36. g4 g6 37. Ke4 Re2+ 38. Re3 Rf2 39. Rf3 Re2+ 40. Kd4 Rd2+ 41. Kc4 Rd1 42. Kb5 Kd5 43. Ka6 Ke4 44. Rc3 Rd7 45. Rc4+ Kd5 46. Rc8 Ke4 47. Rc4+ Kd5 48. Rc8 Ke4 49. Ra8 Kxf4 50. Rxa7 Rxa7+ 51. Kxa7 Kxe5 52. Kxb6 f5 53. a5 f4 54. a6 f3 55. a7 f2 56. a8Q f1Q 57. Qh8+ Ke4 58. Qxh6 Qf6+ 59. Kb5 Qe5+ 60. Kb4 Qd4+ 61. Kb5 Qe5+ 62. Ka4 Qa1+ 63. Kb5 Qe5+ 1/2-1/2

[Event "Biel MTO op 48th"]
[Site "Biel"]
[Date "2015.07.20"]
[Round "1"]
[White "Schaerer, Julian"]
[Black "Dragun, Kamil"]
[Result "0-1"]
[WhiteElo "2245"]
[BlackElo "2586"]
[PlyCount "84"]
[EventDate "2015.07.20"]
[EventType "swiss"]
[EventRounds "11"]
[EventCountry "SUI"]
[SourceTitle "CBM 167 Extra"]
[Source "ChessBase"]
[SourceDate "2015.09.14"]
[SourceVersion "1"]
[SourceVersionDate "2015.09.14"]
[SourceQuality "1"]

1. e4 c5 2. Nf3 d6 3. Bb5+ Bd7 4. c4 Nf6 5. Nc3 g6 6. 0-0 Bg7 7. d4 cxd4 8. Qxd4 0-0 9. Qd3 a6 10. Bxd7 Nbxd7 11. Be3 Rc8 12. h3 Qc7 13. Rac1 Qxc4 14. Qb1 Qb4 15. Rfd1 Rfe8 16. a3 Qa5 17. Qa2 Ne5 18. Nxe5 Qxe5 19. Bd4 Qg5 20. Rc2 b5 21. Re2 Nh5 22. Be3 Nf4 23. Bxf4 Qxf4 24. Nd5 Qh4 25. Qb3 Rc4 26. Qe3 e6 27. Nb4 a5 28. Nd3 Bd4 29. Qd2 Bb6 30. Qf4 Qxf4 31. Nxf4 d5 32. Nd3 Rxe4 33. Rxe4 dxe4 34. Ne5 Rd8 35. Rxd8+ Bxd8 36. b3 f6 37. Nd7 Kf7 38. a4 b4 39. Nc5 f5 40. Nd7 Bc7 41. Nc5 Ke7 42. Na6 Bd6 0-1

[Event "Verbandsliga Suedbaden 1415"]
[Site "Baden"]
[Date "2015.03.01"]
[Round "7.1"]
[White "Schaerer, Julian"]
[Black "Doettling, Fabian"]
[Result "0-1"]
[WhiteElo "2231"]
[BlackElo "2581"]
[PlyCount "72"]
[EventDate "2014.10.12"]
[EventType "team-tourn"]
[EventRounds "9"]
[EventCountry "GER"]
[SourceTitle "EXT 2022"]
[Source "ChessBase"]
[SourceDate "2021.10.06"]
[SourceVersion "1"]
[SourceVersionDate "2021.10.06"]
[SourceQuality "1"]
[WhiteTeam "Gottmadingen"]
[BlackTeam "Baden Baden IV"]
[WhiteTeamCountry "GER"]
[BlackTeamCountry "GER"]

1. e4 c6 2. d4 d5 3. e5 Bf5 4. h4 Qb6 5. c3 e6 6. Nd2 h6 7. Nb3 Nd7 8. Be3 Ne7 9. h5 a5 10. a4 f6 11. exf6 Nxf6 12. f3 Bh7 13. Ne2 Nf5 14. Bf2 Bd6 15. g4 Ne7 16. Bg2 Nd7 17. Rc1 0-0 18. Be3 Rae8 19. 0-0 Ne5 20. Nxa5 Nd3 21. b4 Nxc1 22. Qxc1 Qa6 23. Nf4 b6 24. Nxc6 Nxc6 25. b5 Qxa4 26. bxc6 Qxc6 27. Qd2 Qc7 28. Ne2 Qc4 29. Rd1 Ra8 30. Nc1 Ra3 31. Bxh6 gxh6 32. Qxh6 Qc7 33. Qxe6+ Kh8 34. Qxd5 Rxc3 35. Ne2 Rc2 36. Bf1 Qe7 0-1

[Event "Verbandsliga Suedbaden 1415"]
[Site "Baden"]
[Date "2014.11.23"]
[Round "3.1"]
[White "Schaerer, Julian"]
[Black "Milov, Vadim"]
[Result "0-1"]
[WhiteElo "2231"]
[BlackElo "2622"]
[PlyCount "80"]
[EventDate "2014.10.12"]
[EventType "team-tourn"]
[EventRounds "9"]
[EventCountry "GER"]
[SourceTitle "EXT 2022"]
[Source "ChessBase"]
[SourceDate "2021.10.06"]
[SourceVersion "1"]
[SourceVersionDate "2021.10.06"]
[SourceQuality "1"]
[WhiteTeam "Gottmadingen"]
[BlackTeam "Dreilaendereck"]
[WhiteTeamCountry "GER"]
[BlackTeamCountry "GER"]

1. e4 c5 2. Nf3 e6 3. b3 b6 4. Bb2 Bb7 5. Qe2 Nc6 6. Nc3 Nd4 7. Qd3 Nxf3+ 8. Qxf3 Ne7 9. 0-0-0 Nc6 10. Qe3 a6 11. Nd5 Rc8 12. Kb1 b5 13. Nf4 c4 14. Nh5 f6 15. Be2 Rg8 16. Rc1 Qa5 17. c3 Be7 18. Nf4 Qc7 19. h4 Bd6 20. g3 Ne7 21. d4 a5 22. bxc4 bxc4 23. Ka1 Kf7 24. Rb1 Ba8 25. Bc1 Rb8 26. Bd2 a4 27. Bh5+ g6 28. Bf3 Ba3 29. Nh3 Rb3 30. Bc1 Rxb1+ 31. Kxb1 Rb8+ 32. Kc2 Bxc1 33. Rxc1 a3 34. Qh6 Kg8 35. Kd1 Rb2 36. h5 Nf5 37. exf5 Bxf3+ 38. Ke1 Bxh5 39. Nf4 Qb7 40. d5 Qb6 0-1

[Event "Verbandsliga Sued Baden 1314"]
[Site "Germany"]
[Date "2014.02.16"]
[Round "6.2"]
[White "Schaerer, Julian"]
[Black "Kelecevic, Nedeljko"]
[Result "1/2-1/2"]
[WhiteElo "2275"]
[BlackElo "2240"]
[PlyCount "71"]
[EventDate "2013.10.20"]
[EventType "team-tourn"]
[EventRounds "9"]
[EventCountry "GER"]
[SourceTitle "EXT 2015"]
[Source "ChessBase"]
[SourceDate "2014.11.20"]
[SourceVersion "1"]
[SourceVersionDate "2014.11.20"]
[SourceQuality "1"]
[WhiteTeam "Gottmadingen"]
[BlackTeam "Konstanz"]
[WhiteTeamCountry "GER"]
[BlackTeamCountry "GER"]

1. e4 c5 2. Nf3 Nc6 3. d4 cxd4 4. Nxd4 Qc7 5. Nc3 e6 6. Be2 a6 7. 0-0 Nf6 8. Be3 Bb4 9. Na4 Be7 10. c4 d6 11. Nc3 0-0 12. Rc1 Nxd4 13. Bxd4 b6 14. f4 Bb7 15. Bd3 Nd7 16. Qe2 Bf6 17. Bxf6 Nxf6 18. Kh1 Rac8 19. Rc2 Nd7 20. Rd2 Rfe8 21. Rfd1 Nf8 22. Qg4 Rcd8 23. h4 Nd7 24. Qe2 f5 25. exf5 exf5 26. Qf2 g6 27. Qd4 Nc5 28. b4 Ne4 29. Bxe4 Bxe4 30. Nd5 Bxd5 31. Qxd5+ Kg7 32. Rd4 Re2 33. R4d2 Re4 34. Rd4 Re2 35. R4d2 Re4 36. Rd4 1/2-1/2

[Event "SUI-chT"]
[Site "Switzerland"]
[Date "2013.10.13"]
[Round "9.7"]
[White "Gloor, Roger"]
[Black "Schaerer, Julian"]
[Result "1-0"]
[WhiteElo "2321"]
[BlackElo "2237"]
[PlyCount "67"]
[EventDate "2013.03.17"]
[EventType "team-tourn"]
[EventRounds "9"]
[EventCountry "SUI"]
[SourceTitle "EXT 2014"]
[Source "ChessBase"]
[SourceDate "2013.11.20"]
[SourceVersion "1"]
[SourceVersionDate "2013.11.20"]
[SourceQuality "1"]
[WhiteTeam "Luzern"]
[BlackTeam "Winterthur"]
[WhiteTeamCountry "SUI"]
[BlackTeamCountry "SUI"]

1. Nf3 d5 2. c4 c6 3. e3 Nf6 4. Nc3 g6 5. d4 Bg7 6. Be2 0-0 7. 0-0 dxc4 8. Bxc4 Bg4 9. Be2 Nbd7 10. e4 Bxf3 11. Bxf3 e5 12. d5 cxd5 13. exd5 Re8 14. Be3 b6 15. Rc1 a6 16. d6 e4 17. Be2 Bf8 18. Qd4 Re6 19. Bf4 b5 20. a4 Nb6 21. axb5 axb5 22. Nxb5 Nfd5 23. Bg3 Rc8 24. Rxc8 Qxc8 25. Nc7 Bg7 26. Qd1 Nxc7 27. dxc7 Bf8 28. Qb3 Rc6 29. Rd1 Be7 30. h3 Kg7 31. Be5+ Bf6 32. Bg4 Qb7 33. Bxf6+ Kxf6 34. c8Q 1-0

[Event "SUI-chT"]
[Site "Switzerland"]
[Date "2013.10.12"]
[Round "8.7"]
[White "Schaerer, Julian"]
[Black "Pedrini, Pier Paolo"]
[Result "1-0"]
[WhiteElo "2237"]
[BlackElo "2054"]
[PlyCount "81"]
[EventDate "2013.03.17"]
[EventType "team-tourn"]
[EventRounds "9"]
[EventCountry "SUI"]
[SourceTitle "EXT 2014"]
[Source "ChessBase"]
[SourceDate "2013.11.20"]
[SourceVersion "1"]
[SourceVersionDate "2013.11.20"]
[SourceQuality "1"]
[WhiteTeam "Winterthur"]
[BlackTeam "Mendrisio"]
[WhiteTeamCountry "SUI"]
[BlackTeamCountry "SUI"]

1. e4 e5 2. Nf3 Nc6 3. Nc3 g6 4. d4 exd4 5. Nxd4 Bg7 6. Be3 Nge7 7. Bc4 0-0 8. Qd2 d6 9. 0-0-0 a6 10. h4 h5 11. Kb1 Ne5 12. Be2 b5 13. f4 Ng4 14. Bg1 Bd7 15. Bf3 Rb8 16. Nde2 Re8 17. e5 b4 18. Ne4 Nf5 19. N2g3 Nxh4 20. exd6 cxd6 21. Nxd6 Nxf3 22. gxf3 Qf6 23. Qc1 Bc6 24. Nxe8 Rxe8 25. fxg4 Bxh1 26. Nxh1 Qh4 27. Nf2 hxg4 28. Nd3 a5 29. Re1 Ra8 30. Qe3 g3 31. Qf3 Rb8 32. Re3 Rd8 33. Qxg3 Qf6 34. Re5 Qc6 35. Re1 Rc8 36. Re2 Rd8 37. Qe1 Bf6 38. Bf2 Kg7 39. Bh4 Bxh4 40. Qxh4 Rh8 41. Qf2 1-0

[Event "Biel MTO op 46th"]
[Site "Biel"]
[Date "2013.07.27"]
[Round "6"]
[White "Meins, Gerlef"]
[Black "Schaerer, Julian"]
[Result "1-0"]
[WhiteElo "2474"]
[BlackElo "2294"]
[PlyCount "109"]
[EventDate "2013.07.22"]
[EventType "swiss"]
[EventRounds "11"]
[EventCountry "SUI"]
[SourceTitle "CBM 155 Extra"]
[Source "ChessBase"]
[SourceDate "2013.08.26"]
[SourceVersion "1"]
[SourceVersionDate "2013.08.26"]
[SourceQuality "1"]

1. d4 d5 2. c4 c6 3. Nf3 Nf6 4. e3 g6 5. Nc3 Bg7 6. Be2 0-0 7. 0-0 dxc4 8. Bxc4 Bg4 9. Be2 Nbd7 10. e4 Bxf3 11. Bxf3 e5 12. Be3 exd4 13. Bxd4 Qa5 14. b4 Qc7 15. Rc1 Rfd8 16. b5 c5 17. Bxf6 Nxf6 18. Qb3 Rac8 19. e5 Qxe5 20. Bxb7 Ng4 21. g3 Rc7 22. Bf3 Rd3 23. Rfe1 Ne3 24. Qb1 Rxc3 25. Rxc3 Qxc3 26. Rxe3 Qb4 27. Re8+ Bf8 28. Qd3 Re7 29. Rc8 Qd4 30. Qxd4 cxd4 31. Kf1 Kg7 32. a4 Re5 33. Rc7 Re7 34. Rc4 Rd7 35. a5 Kf6 36. b6 axb6 37. axb6 Rd8 38. b7 Bd6 39. Rxd4 Ke7 40. Rc4 Bb8 41. Rc8 Be5 42. Ke2 Bb8 43. h4 h5 44. Bc6 Be5 45. f4 Bb8 46. Ba4 Rf8 47. Bb3 f6 48. Bc2 g5 49. Kf3 gxf4 50. gxf4 Rd8 51. Bg6 Kd7 52. Bxh5 Ba7 53. Bg6 Ke7 54. h5 Rd2 55. b8Q 1-0

[Event "Biel MTO op 46th"]
[Site "Biel"]
[Date "2013.07.25"]
[Round "4"]
[White "Sebenik, Matej"]
[Black "Schaerer, Julian"]
[Result "1-0"]
[WhiteElo "2511"]
[BlackElo "2294"]
[PlyCount "135"]
[EventDate "2013.07.22"]
[EventType "swiss"]
[EventRounds "11"]
[EventCountry "SUI"]
[SourceTitle "CBM 155 Extra"]
[Source "ChessBase"]
[SourceDate "2013.08.26"]
[SourceVersion "1"]
[SourceVersionDate "2013.08.26"]
[SourceQuality "1"]

1. d4 d5 2. c4 c6 3. cxd5 cxd5 4. Bf4 Nc6 5. e3 Nf6 6. Nc3 a6 7. Bd3 Bg4 8. Nge2 e6 9. 0-0 Be7 10. Rc1 0-0 11. Na4 Rc8 12. f3 Bh5 13. Nc5 Bxc5 14. dxc5 Bg6 15. Bd6 Re8 16. Nf4 Bxd3 17. Qxd3 Qa5 18. a3 Qb5 19. Qxb5 axb5 20. Nd3 d4 21. exd4 Nxd4 22. Rfe1 Nd5 23. Nf4 Nxf4 24. Bxf4 Red8 25. Kf1 f6 26. Red1 Kf7 27. Be3 Nb3 28. Rxd8 Rxd8 29. Rc3 Na5 30. Ke2 Ke7 31. a4 bxa4 32. Ra3 Nc4 33. Rxa4 Nxe3 34. Kxe3 Rd5 35. Rb4 Rxc5 36. Rxb7+ Kd6 37. Rxg7 Rb5 38. Rxh7 Rxb2 39. g4 Ke5 40. f4+ Kd6 41. g5 e5 42. g6 exf4+ 43. Kf3 Ke6 44. Rh8 Rb7 45. Kxf4 Rg7 46. Rh6 Ra7 47. Rh7 Ra4+ 48. Kf3 f5 49. h4 Kf6 50. h5 Ra3+ 51. Kf4 Ra4+ 52. Ke3 Ra3+ 53. Kd2 Ra2+ 54. Kc3 Ra3+ 55. Kb2 Rg3 56. Kc2 Rg2+ 57. Kd3 Rg1 58. Ke3 Rg2 59. Kf3 Rg1 60. Rf7+ Ke6 61. Rf8 Ke7 62. Rxf5 Ke6 63. Rf4 Rf1+ 64. Ke3 Rg1 65. Kf3 Rf1+ 66. Kg4 Ra1 67. Kg5 Ra5+ 68. Kh6 1-0

[Event "Biel MTO op 46th"]
[Site "Biel"]
[Date "2013.07.22"]
[Round "1"]
[White "Bu, Xiangzhi"]
[Black "Schaerer, Julian"]
[Result "1-0"]
[WhiteElo "2664"]
[BlackElo "2294"]
[PlyCount "77"]
[EventDate "2013.07.22"]
[EventType "swiss"]
[EventRounds "11"]
[EventCountry "SUI"]
[SourceTitle "CBM 155 Extra"]
[Source "ChessBase"]
[SourceDate "2013.08.26"]
[SourceVersion "1"]
[SourceVersionDate "2013.08.26"]
[SourceQuality "1"]

1. Nf3 d5 2. c4 c6 3. e3 Nf6 4. Nc3 g6 5. d4 Bg7 6. Be2 0-0 7. 0-0 dxc4 8. Bxc4 Bg4 9. h3 Bxf3 10. Qxf3 Nbd7 11. Rd1 e5 12. d5 e4 13. Nxe4 Nxe4 14. Qxe4 Nb6 15. Bb3 cxd5 16. Qf3 Qf6 17. Qxf6 Bxf6 18. a4 Rfd8 19. a5 Nc4 20. e4 Rac8 21. Rxd5 Rxd5 22. exd5 Nxa5 23. Bd1 Nc4 24. Bg4 Ra8 25. Be2 Nb6 26. d6 Be5 27. Be3 Nd5 28. Rxa7 Rd8 29. Bh6 Bxb2 30. Rxb7 Bg7 31. Bc1 h5 32. d7 Bf6 33. Bc4 Ne7 34. Be3 Ra8 35. Bb6 Nc6 36. Rc7 Ra1+ 37. Bf1 Ne5 38. Bd4 Rd1 39. Bxe5 1-0

[Event "Universiad Men 27th"]
[Site "Kazan"]
[Date "2013.07.15"]
[Round "9"]
[White "Schaerer, Julian"]
[Black "Petenyi, Tamas"]
[Result "0-1"]
[WhiteElo "2294"]
[BlackElo "2480"]
[PlyCount "98"]
[EventDate "2013.07.09"]
[EventType "swiss"]
[EventRounds "9"]
[EventCountry "RUS"]
[SourceTitle "CBM 155 Extra"]
[Source "ChessBase"]
[SourceDate "2013.08.26"]
[SourceVersion "1"]
[SourceVersionDate "2013.08.26"]
[SourceQuality "1"]

1. e4 g6 2. d4 Bg7 3. Nc3 d6 4. Be3 Nc6 5. Qd2 e5 6. Nge2 exd4 7. Nxd4 Nf6 8. f3 0-0 9. 0-0-0 Nxd4 10. Bxd4 Be6 11. g4 Qe7 12. h4 Nd7 13. Bxg7 Kxg7 14. h5 g5 15. Be2 h6 16. Rhf1 Ne5 17. Qd4 Qf6 18. Bb5 a6 19. Be2 Qf4+ 20. Qd2 Qxd2+ 21. Rxd2 Kf6 22. Nd1 Ke7 23. Ne3 c6 24. b3 Rfd8 25. Kb2 Rd7 26. a3 Rad8 27. Rd4 b5 28. Rfd1 Rb8 29. R4d2 Rc8 30. Ng2 d5 31. exd5 Rxd5 32. Ne3 Rxd2 33. Rxd2 Rf8 34. Bd3 Nxf3 35. Rf2 Ne5 36. Bf5 Rd8 37. Kc3 c5 38. b4 cxb4+ 39. axb4 Rc8+ 40. Kd4 Nc4 41. Nd5+ Kd6 42. Nf6 Rd8 43. Bd3 Ke7+ 44. Kc5 Ne5 45. Kb6 Rd6+ 46. Kb7 Nxg4 47. Nxg4 Bxg4 48. Rh2 f5 49. Rf2 f4 0-1

[Event "Universiad Men 27th"]
[Site "Kazan"]
[Date "2013.07.14"]
[Round "8"]
[White "Munkhgal, Gombosuren"]
[Black "Schaerer, Julian"]
[Result "1/2-1/2"]
[WhiteElo "2406"]
[BlackElo "2294"]
[PlyCount "53"]
[EventDate "2013.07.09"]
[EventType "swiss"]
[EventRounds "9"]
[EventCountry "RUS"]
[SourceTitle "CBM 155 Extra"]
[Source "ChessBase"]
[SourceDate "2013.08.26"]
[SourceVersion "1"]
[SourceVersionDate "2013.08.26"]
[SourceQuality "1"]

1. d4 d5 2. c4 c6 3. Nc3 Nf6 4. Nf3 dxc4 5. a4 Bf5 6. e3 e6 7. Bxc4 Bb4 8. 0-0 0-0 9. Qe2 Nbd7 10. e4 Bg6 11. Bd3 Bh5 12. e5 Nd5 13. Nxd5 cxd5 14. Qe3 Be7 15. Bd2 Nb8 16. a5 a6 17. Bc3 Nc6 18. Nd2 Bg6 19. f4 Qd7 20. Be2 Rac8 21. g4 f5 22. exf6 Rxf6 23. Nf3 Be4 24. Ng5 Bg6 25. Nf3 Be4 26. Ng5 Bg6 27. Nf3 1/2-1/2